Statistics for Random Cities on the Map by Letter - O

Click here to take the quiz!

General Stats

  • This quiz has been taken 579 times
  • The average score is 4 of 5

Answers on the Map

Answers color-coded by a green-red scale on the quiz's map according to % correct below.
 

Answer Stats

City% Correct
Orlando
100%
Oslo
97%
Ottawa
97%
Osaka
93%
Oklahoma City
84%
Odessa
80%
Ouagadougou
78%
Oran
64%
Oakland
58%
Omsk
51%

Score Distribution

Percentile by Number Answered

Percent of People with Each Score

Your Score History

You have not taken this quiz